|
|
|
|
| LEADER |
01262nam a2200349 a 4500 |
| 001 |
5048 |
| 003 |
BD-DhAAL |
| 005 |
20150730103627.0 |
| 008 |
150730s2003 ii a b 000 0 eng |
| 010 |
|
|
|a 2003307927
|
| 020 |
|
|
|a 9848130541
|
| 020 |
|
|
|a 9848130551
|
| 040 |
|
|
|a DLC
|c DLC
|d BD-DhAAL
|
| 050 |
0 |
0 |
|a P92.B3
|b C38 2003
|
| 082 |
|
|
|a 302.23/095492
|
| 100 |
1 |
|
|a Chowdhury, Afsan
|9 13340
|
| 245 |
1 |
0 |
|a Media in times of crisis :
|b national and international issues /
|c Afsan Chowdhury.
|
| 260 |
|
|
|a Dhaka :
|b Shraban Prokashoni,
|c 2003.
|
| 300 |
|
|
|a 208 p. :
|b ill. ;
|c 22 cm.
|
| 504 |
|
|
|a Includes bibliographical references.
|
| 520 |
|
|
|a With reference to press and censorship of Bangladesh.
|
| 541 |
|
|
|e 5048
|
| 650 |
|
0 |
|a Mass media
|z Bangladesh.
|9 13341
|
| 650 |
|
0 |
|a Press
|z Bangladesh.
|9 13342
|
| 650 |
|
0 |
|a Communication
|x Social aspects
|z Bangladesh.
|9 13343
|
| 650 |
|
7 |
|a Communication
|x Social aspects
|2 fast
|9 13344
|
| 650 |
|
7 |
|a Mass media
|2 fast
|9 13345
|
| 650 |
|
7 |
|a Press
|2 fast
|9 13346
|
| 651 |
|
7 |
|a Bangladesh
|2 fast
|9 13347
|
| 942 |
|
|
|2 ddc
|c BK
|
| 999 |
|
|
|c 35102
|d 35102
|
| 952 |
|
|
|0 0
|1 0
|2 ddc
|4 0
|6 302_230954920000000_CHO
|7 0
|9 55025
|a SCL
|b SCL
|c GEN
|d 2015-07-30
|g 250.00
|l 2
|m 1
|o 302.23095492 CHO
|p 3020005048
|r 2022-04-09
|s 2022-04-02
|t 1
|w 2015-07-30
|y BK
|